Aer Lingus Destinations - Statistics

General Stats
  • This quiz has been taken 285 times
  • The average score is 40 of 88
Answer Stats
Country City % Correct
Austria Vienna
94%
Belgium Brussels
89%
Canada Toronto
89%
France Paris
87%
Czech Republic Prague
84%
Isle of Man Isle of Man
73%
Germany Berlin
72%
France Lyon
72%
Ireland Dublin
71%
Croatia Dubrovnik
70%
United Kingdom London
70%
France Marseille
70%
France Nice
70%
Croatia Split
70%
Germany Munich
69%
Greece Athens
68%
Ireland Cork
68%
Germany Frankfurt
68%
Austria Salzburg
68%
Italy Rome
67%
Hungary Budapest
66%
Spain Madrid
65%
Netherlands Amsterdam
64%
Italy Milan
64%
Spain Barcelona
63%
Portugal Lisbon
63%
United States New York
61%
France Bordeaux
60%
United Kingdom Manchester
60%
Germany Dusseldorf
58%
Germany Hamburg
58%
France Toulouse
58%
Switzerland Zurich
57%
Ireland Shannon
56%
Italy Venice
54%
United Kingdom Belfast
52%
Switzerland Geneva
52%
United Kingdom Birmingham
50%
United Kingdom Edinburgh
48%
United States Boston
47%
Portugal Faro
47%
United Kingdom Glasgow
47%
Jersey Jersey
47%
United States Los Angeles
47%
Italy Naples
45%
United States Chicago
44%
Germany Stuttgart
43%
Spain Malaga
42%
United States Miami
42%
France Nantes
42%
Bulgaria Burgas
40%
Croatia Pula
40%
Spain Alicante
39%
United States San Francisco
38%
United States Washington D. C.
36%
Spain Tenerife
33%
Spain Palma de Mallorca
32%
Spain Bilbao
31%
France Montpellier
31%
United States Orlando
31%
United Kingdom Aberdeen
30%
United States Newark
30%
United Kingdom Newcastle upon Tyne
30%
Greece Corfu
29%
Italy Bologna
28%
United Kingdom Bristol
28%
Italy Catania
28%
United Kingdom Leeds
28%
United States Seattle
26%
Turkey Izmir
25%
France Rennes
25%
Ireland Knock
24%
United States Philadelphia
24%
Italy Pisa
24%
Italy Verona
24%
Ireland Kerry
21%
Finland Rovaniemi
21%
Ireland Donegal
20%
Spain Las Palmas
17%
United States Minneapolis
16%
United Kingdom Southampton
16%
Spain Lanzarote
14%
France Perpignan
13%
Spain Fuerteventura
12%
Spain Santiago de Compostela
10%
United Kingdom Newquay
8%
United States Hartford
6%
Spain Murcia
6%
No matching quizzes found
Score Distribution
Percent of People with Each Score
Percentile by Number Answered
Your Score History
You have not taken this quiz